LDR 00914naa#a2200169#i#450# 001 RU\INFRA-M\bibl\116383 005 20260414005351.2 011 ## _a2306-627X 100 ## _a20260303b2026####ek#y0rusy0150####ca 102 ## _aRU 200 1# _aИнституциональная трансформация инвестиционной модели российской экономики _eЖурнальная статья 210 1# _aМосква _cОбщество с ограниченной ответственностью «Научно-издательский центр ИНФРА-М» _d2026 215 ## _a5 с. 608 ## _aЖурнальная статья _2local 675 ## _aОпределение рентабельности инвестиций. Учет инвестиций. Определение эффективности инвестиций. 330.322.54 _z 700 #1 _aНамадов _gВ. Д. 856 4# _anaukaru.ru _u